Catálogo

Prospection : (Registro nro. 67442)

Detalles MARC
000 -LEADER
fixed length control field 00896cam a2200277 i 4500
001 - CONTROL NUMBER
control field 67442
003 - CONTROL NUMBER IDENTIFIER
control field Mx-PuUPA
005 - DATE AND TIME OF LATEST TRANSACTION
control field 20221111145738.0
008 - FIXED-LENGTH DATA ELEMENTS--GENERAL INFORMATION
fixed length control field 170601s2017 xxka r 000 0 eng d
020 ## - INTERNATIONAL STANDARD BOOK NUMBER
International Standard Book Number 9780198725046
040 ## - CATALOGING SOURCE
Description conventions rda
Original cataloging agency Mx-PuUPA
Language of cataloging spa
Transcribing agency Mx-PuUPA
Modifying agency Mx-PuUPA
041 0# - LANGUAGE CODE
Language code of text/sound track or separate title eng
100 1# - MAIN ENTRY--PERSONAL NAME
Personal name MacLeod, Andrew,
Titles and words associated with a name (Professor of clinical psychology)
Relator term autor
9 (RLIN) 4649
245 10 - TITLE STATEMENT
Title Prospection :
Remainder of title well-being, and mental health /
Statement of responsibility, etc. Andrew Macleod.
250 ## - EDITION STATEMENT
Edition statement First edition
264 #1 - PRODUCTION, PUBLICATION, DISTRIBUTION, MANUFACTURE, AND COPYRIGHT NOTICE
Place of production, publication, distribution, manufacture United Kingdom :
Name of producer, publisher, distributor, manufacturer Oxford University Press,
Date of production, publication, distribution, manufacture, or copyright notice 2017
300 ## - PHYSICAL DESCRIPTION
Extent 296 páginas ;
Dimensions 24cm.
336 ## - CONTENT TYPE
Content type term texto
Fuente rdacontent
Content type code txt
337 ## - MEDIA TYPE
Media type term sin medio
Source rdamedia
Media type code n
338 ## - CARRIER TYPE
Carrier type term volumen
Source rdacarrier
Carrier type code nc
650 #4 - SUBJECT ADDED ENTRY--TOPICAL TERM
Topical term or geographic name entry element Optimismo
General subdivision Aspectos psicológicos
650 #4 - SUBJECT ADDED ENTRY--TOPICAL TERM
Topical term or geographic name entry element Personalidad
650 #4 - SUBJECT ADDED ENTRY--TOPICAL TERM
Topical term or geographic name entry element Bienestar
942 ## - ADDED ENTRY ELEMENTS (KOHA)
Classification part 150.1988
Item part M113
Koha item type Libro
Source of classification or shelving scheme Dewey Decimal Classification
Existencias
Withdrawn status Lost status Source of classification or shelving scheme Damaged status Not for loan Collection code Home library Current library Shelving location Date acquired Source of acquisition Total Checkouts Full call number Barcode Checked out Date last seen Date last checked out Price effective from Koha item type
    Dewey Decimal Classification     Magisterial Biblioteca Karol Wojtyla Biblioteca Karol Wojtyla Módulo de circulación 01/06/2017 Compra 1 150.1988 M113 2017 97773 23/08/2017 23/08/2017 23/08/2017 15/06/2017 Magisterial